00610ntaaa2200193 45000030003000000050017000030080021000200400037000410820012000781000036000902450085001262500010002112600049002213000011002706500013002819420007002949990015003019520100003160120251027201146.00714s1973 ag 01  aAR-BaBNbspacAR-BaBNeaacrdRIC a266 St8 aStrong, Augustus Hopkins 99406 aTour of the missions. Observations and Conclusions. / cAugustus Hopkins Strong  a1 ed. as.l. : bGriffith and Rowland Press, cc/918 a223 p. aMisiones cBK c5868d5868 00104070aBPbBPd2025-10-27i010469l0o266 St8p010469r2025-10-27 20:11:46w2025-10-27yBK